Cryptography and network security (Record no. 11466)
[ view plain ]
| 000 -LEADER | |
|---|---|
| fixed length control field | 00401nam a22001577a 4500 |
| 020 ## - INTERNATIONAL STANDARD BOOK NUMBER | |
| International Standard Book Number | 97800700648234 |
| 082 ## - DEWEY DECIMAL CLASSIFICATION NUMBER | |
| Classification number | 005.8 |
| 100 ## - MAIN ENTRY--PERSONAL NAME | |
| Personal name | Kahate, Atul |
| 245 ## - TITLE STATEMENT | |
| Title | Cryptography and network security |
| 250 ## - EDITION STATEMENT | |
| Edition statement | 2nd ed |
| 260 ## - PUBLICATION, DISTRIBUTION, ETC. | |
| Place of publication, distribution, etc. | New Delhi |
| Name of publisher, distributor, etc. | McGraw-Hill Higher Education, |
| Date of publication, distribution, etc. | 2003 |
| 300 ## - PHYSICAL DESCRIPTION | |
| Extent | 541 p. : |
| 650 ## - SUBJECT ADDED ENTRY--TOPICAL TERM | |
| Topical term or geographic name entry element | Computer network protocols--Cryptography |
| 700 ## - ADDED ENTRY--PERSONAL NAME | |
| Personal name | Atul Kahate |
| 942 ## - ADDED ENTRY ELEMENTS (KOHA) | |
| Koha item type | Book |
| Withdrawn status | Lost status | Damaged status | Not for loan | Collection code | Permanent Location | Current Location | Shelving location | Date acquired | Source of acquisition | Cost, normal purchase price | Total Checkouts | Full call number | Barcode | Date last seen | Date last checked out | Price effective from | Koha item type |
|---|---|---|---|---|---|---|---|---|---|---|---|---|---|---|---|---|---|
| Central Library (CL) | Central Library (CL) | First Floor - Artificial Intelligence/Data Mining | 12/28/2012 | Allied Book Company | 622.31 | 1 | 005.8 KAH | SEECS011775 | 10/25/2019 | 09/20/2019 | 12/28/2012 | Book | |||||
| Central Library (CL) | Central Library (CL) | First Floor - Artificial Intelligence/Data Mining | 12/28/2012 | Allied Book Company | 622.31 | 1 | 005.8 KAH | SEECS011776 | 09/19/2016 | 09/19/2016 | 12/28/2012 | Book | |||||
| Central Library (CL) | Central Library (CL) | First Floor - Artificial Intelligence/Data Mining | 12/28/2012 | Allied Book Company | 622.31 | 005.8 KAH | SEECS011777 | 09/22/2022 | 12/28/2012 | Book |
